The human side of project management

Bibliographic Details
Main Author: House, Ruth Sizemore (Author)
Format: Book
Published: Reading, Mass. : Addison-Wesley , c1988
Subjects:

MARC

LEADER 00000cam a2200000 7i4500
001 0000004836
005 20030330093000.0
020 |a 020112355X 
090 0 0 |a HD69.P75   |b H68 1988 
100 0 |a House, Ruth Sizemore ,   |e author 
245 1 4 |a The human side of project management   |c Ruth Sizemore House 
260 2 |a Reading, Mass. :   |b Addison-Wesley ,   |c c1988 
300 |a 327 p. ;   |c 24 cm. 
500 |a Includes index 
650 0 |a Personnel management 
650 0 |a Project management 
999 |a 1000009681   |b Book   |c OPEN SHELF (30 DAYS)   |e Gong Badak Campus